Flags with weapons Quiz Stats

 Plays Quiz not verified by Sporcle

Score 0/9 Timer 03:00
0 Plays Today
Country % Correct
Mozambique (AK-47)
71%
Saudi Arabia (Sword)
65.5%
Kenya (Spears)
48.5%
Swaziland (Spears)
36%
Oman (Swords and dagger)
28.2%
Sri Lanka (Sword)
25.6%
Guatemala (Rifles)
21.9%
Haiti (Cannons)
21.6%
Venezuela (Sword and sabre)
11.8%

You're not logged in!

Compare scores with friends on all Sporcle quizzes.
OR
Log In

Show Comments

Extras

Top Quizzes Today


Score Distribution

Your Account Isn't Verified!

In order to create a playlist on Sporcle, you need to verify the email address you used during registration. Go to your Sporcle Settings to finish the process.

Report this User

Report this user for behavior that violates our Community Guidelines.

Details: